000 05682namaa22004211i 4500
003 OSt
005 20260426124551.0
008 250827s2025 ua a|||frm||| 000 0 eng d
040 _aEG-GICUC
_bara
_cEG-GICUC
_dEG-GICUC
_erda
041 0 _aara
_bara
_beng
049 _aإيداع
082 0 4 _a372.34044
092 _a372.34044
_221
097 _aدكتوراه‎
099 _aCai01.23.01.Ph.D.2025.مح.ت
100 0 _a،محمد عبدالله محمد الشاووش
_eإعداد.
245 1 0 _aتطوير منهج الحاسب الالي في ضوء مها ارت القرن الحادي والعشرين لتنمية التنور التكنولوجي لطلاب المرحلة المتوسطة بالمملكة العربية السعودية /
_cإعداد محمد عبدالله محمد الشاووش؛ إشراف أ.د/ وفاء مصطفى كفافي، أ.د/ أشرف بهجات عبدالقوي.
246 1 5 _aDeveloping a computer curriculum in the light of the twenty-first century skills to develop technological enlightenment for middle school students in the kingdom of saudi arabia /
264 0 _c2025.
300 _a275 صفحة :
_bإيضاحيات ؛
_c25 سم. +
_eCD.
336 _atext
_2rda content
337 _aUnmediated
_2rdamedia
338 _avolume
_2rdacarrier
502 _aأطروحة (دكتوراه)-جامعة القاهرة، 2025.
504 _aببليوجرافيا: صفحات 90-97.
520 _aهدف البحث الحالي إلى تطوير منهج الحاسب الالي في ضوء مهارات القرن الحادي والعشرين والتحقق من فاعلية المنهج في تنمية التنور التكنولوجي لدى طلاب المرحلة المتوسطة بالمملكة العربية السعودية، ولتحقيق هذ الهدف تم إعداد قائمة بمهارات القرن الحادي والعشرين اللازم توفرها في مقررات الحاسب الالي للمرحلة المتوسطة، وتم اختيار وحدة أتحكم بحاسوبي للصف الثالث متوسط كوحدة مطورة، وتم إعداد المواد التعليمية المتمثلة في الوحدة المطورة التجريبية ودليل المعلم وكتاب الطالب، وتم إعداد اختبار تحصيل للبعد المعرفي للتنور التكنولوجي، واختبار أداء للبعد المهاري للتنور التكنولوجي، وتم اختيار مجموعة البحث من طلاب الصف الثالث المتوسط بمدرسة الفاروق التابعة لمحافظة القنفذة، ثم تطبيق أدوات البحث على المجموعة قبليا، ثم تدريس الوحدة المطورة وتطبيق أدوات البحث بعديًا. وبعد معالجة النتائج احصائيا أظهرت النتائج على فاعلية تدريس الوحدة المطورة في تنمية البعد المعرفي والبعد المهاري من أبعاد التنور التكنولوجي. ويوصى البحث الحالي بإعادة النظر في مناهج الحاسب الالي في التعليم وبنائها أو تحديثها في ضوء مهارات القرن الحادي والعشرين.
520 _aThe current study aims to develop the computer science curriculum in light of 21st-century skills and to examine its effectiveness in enhancing technological literacy among middle school students in the Kingdom of Saudi Arabia. To achieve this objective, a list of essential 21st-century skills required in middle school computer science curricula was developed. The "I Control My Computer" unit for the third intermediate grade was selected as a modified instructional unit. Educational materials, including the experimental developed unit, a teacher’s guide, and a student’s textbook, were prepared. Additionally, an achievement test was designed to assess the cognitive dimension of technological literacy, along with a performance test to evaluate the skill-based dimension.The research sample consisted of third-grade intermediate students from Al-Farouq School in Al-Qunfudhah Governorate. The research instruments were administered to the group in a pre-test phase, followed by the instruction of the developed unit, and then a post-test phase. After statistical analysis of the results, findings indicated the effectiveness of teaching the developed unit in enhancing both the cognitive and skill- based dimensions of technological literacy. The study recommends revising, reconstructing, or updating computer science curricula in education to align with 21st- century skills.
530 _aصدر أيضًا كقرص مدمج.
546 _aالنص بالعربية والملخص باللغة الإنجليزية والعربية.
650 7 _aطرق تدريس الحاسبات الالكترونية في المرحلة الابتدائية
_2qrmak
653 0 _aتطوير المنهج
_aمهارات القرن الحادي والعشرين
_aالتنور التكنولوجي
700 _aوفاء مصطفى كفافي
_eمشرف أطروحة.
700 _aأشرف بهجات عبدالقوي
_eمشرف أطروحة.
900 _b10-04-2025
_cوفاء مصطفى كفافي
_cأشرف بهجات عبدالقوي
_dخالد محمد فرجون
_dمنى محمد الصفي الجزار
_Uجامعة القاهرة
_Fكلية الدراسات العليا للتربية
_Dقسم المناهج وطرق التدريس
905 _aSara
942 _2ddc
_cTH
_e21
_n0
999 _c179729